Sports Quiz

Random Sports Quiz
Score 0/28 Timer 10:00
4 Plays Today
Season (Goals) Player % Correct
2005-06 (27)Thierry Henry
99.4%
2003-04 (30)Thierry Henry
99.4%
2004-05 (25)Thierry Henry
99.4%
2002-03 (24)Thierry Henry
99.4%
2001-02 (24)Thierry Henry
99.4%
2000-01 (17)Thierry Henry
99.4%
1999-00 (17)Thierry Henry
99.4%
2019-20 (22)Pierre-Emerick Aubameyang
97.6%
2018-19 (22)Pierre-Emerick Aubameyang
95%
2011-12 (30)Robin van Persie
94.8%
2010-11 (18)Robin van Persie
94.8%
2008-09 (11)Robin van Persie
94.8%
2006-07 (11)Robin van Persie
94.8%
2017-18 (14)Alexandre Lacazette
93%
Season (Goals) Player % Correct
1997-98 (16)Dennis Bergkamp
90.3%
1996-97 (23)Ian Wright
88.6%
1995-96 (15)Ian Wright
88.6%
1994-95 (18)Ian Wright
88.6%
1993-94 (23)Ian Wright
88.6%
1992-93 (15)Ian Wright
88.6%
2015-16 (16)Olivier Giroud
86.4%
2013-14 (16)Olivier Giroud
86.4%
2016-17 (24)Alexis Sanchez
82.7%
2014-15 (16)Alexis Sanchez
82.7%
2012-13 (14)Theo Walcott
74.5%
2007-08 (24)Emmanuel Adebayor
74.5%
1998-99 (17)Nicolas Anelka
68.6%
2009-10 (15)Cesc Fabregas
63.8%
Remove Ads.
Support Sporcle.
Get the best of Sporcle when you Go Orange. This ad-free experience offers more features, more stats, and more fun while also helping to support Sporcle. Thank you for becoming a member.

You're not logged in!

Compare scores with friends on all Sporcle quizzes.
OR
Log In

Show Comments

Extras

Top Quizzes Today


Score Distribution

Your Account Isn't Verified!

In order to create a playlist on Sporcle, you need to verify the email address you used during registration. Go to your Sporcle Settings to finish the process.

Report this User

Report this user for behavior that violates our Community Guidelines.

Details: